Aspectos sociais da orientacão profissional (Record no. 45534)
[ view plain ]
| 000 -Etiqueta do registo | |
|---|---|
| Valores | 00580cam a2200205 4500 |
| 100 ## - Dados gerais de processamento | |
| Dados gerais | 19931102d1942 m y0pory50030103ba |
| 101 0# - Língua de publicação | |
| Língua | por |
| 102 ## - País de publicação | |
| País | PT |
| 200 1# - Titulo e menção de responsabilidade | |
| Título próprio | Aspectos sociais da orientacão profissional |
| Primeira menção de responsabilidade | Emílio Costa |
| 210 #9 - Publicação | |
| Local de publicação | Lisboa |
| Nome do editor | Cosmos, |
| Data de publicação | 1942 |
| 215 ## - Descrição física | |
| Paginação / Volumes | 111 p. |
| Dimensões | 19 cm |
| 225 2# - Colecção | |
| Título próprio da colecção | Biblioteca Cosmos |
| Indicação de volume | 29 |
| Número de parte ou secção | Seccão 7 |
| Indicação de volume | 3. |
| Nome de parte ou secção | Problemas do nosso tempo. Sociais |
| 675 ## - CDU | |
| Notação | 331.826 |
| Edição | BN |
| Língua | por |
| 675 ## - CDU | |
| Notação | 331.5 |
| 675 ## - CDU | |
| Notação | 301.085.2 |
| Edição | BN |
| Língua | por |
| 700 #1 - Autor principal | |
| Apelido | Costa, |
| Nome | Emílio Martins, |
| Datas | 1877-1952 |
| 801 #0 - Fonte de origem | |
| País | PT |
| Agência | BN |
| Regras de catalogação | RPC |
| 990 ## - Elementos KOHA | |
| Tipo de documento | MON |
| Aquisição | Empréstimo | Código de barras | Cota | Permissão de empréstimo | Tipo de documento | Nota relativa ao exemplar |
|---|---|---|---|---|---|---|
| Biblioteca Municipal de Redondo | Biblioteca Municipal de Redondo | 056233 | 331.5 COS | Consulta presencial | Livro | oferta de Vergílio Ambrósio |